00905nam a22002417a 450000500170000001000130001702000220003003500130005203700160006504000120008108200170009310000300011024500970014026000380023727000500027530000250032550000510035065000290040165000380043094200260046899900190049495201500051320170124105948.0 aA-945827 c250.00a818593004 aA-945827 bCen Lib/Ret aDPLbEN a336.294bAGA aAggarwal, Pawan K.912787 aWho pays the tax? :cby Pawan K. Aggarwalba study of incidence of indirect taxes in India / aDelhibGayatri Publicationsc1998 bDelhiaP.O. Box No. 8495, Ashok Vihare110052 aviii,131p.c22cm(Hb) aIncludes bibliographical references and index  aTaxation -- India912788 aIndirect taxation -- India912789 2ddccENh336.294mAGA c125038d125038 04104070aLbLd2015-06-19eCen Lib/Retg250.00l0o336.294 AGApA-945827r2015-06-19 00:00:00t1v250.00w2015-06-19yENzW/d list no. 6818/25